RICH JOHNSON'S GUIDE TO WILDERNESS SURVIVAL : How to Avoid Trouble and How to Live Through the Trouble You Can't Avoid : (Record no. 595819)

MARC details
000 -LEADER
fixed length control field 00593nam a2200193 a 4500
008 - FIXED-LENGTH DATA ELEMENTS--GENERAL INFORMATION
fixed length control field 251105s2008##################000#0#eng##
020 ## - INTERNATIONAL STANDARD BOOK NUMBER
ISBN 9780071588331
082 04 - DEWEY DECIMAL CLASSIFICATION NUMBER
Classification number 613.69
Item number JOH
100 1# - MAIN ENTRY--AUTHOR NAME
Personal name Johnson, Rich,
245 10 - TITLE STATEMENT
Title RICH JOHNSON'S GUIDE TO WILDERNESS SURVIVAL : How to Avoid Trouble and How to Live Through the Trouble You Can't Avoid :
260 ## - PUBLICATION, DISTRIBUTION, ETC. (IMPRINT)
Name of publisher Mcgraw-hill,
Year of publication 2008.
300 ## - PHYSICAL DESCRIPTION
Number of Pages 336 pages
650 #0 - SUBJECT ADDED ENTRY--TOPICAL TERM
Topical Term Sports & Recreation.
942 ## - ADDED ENTRY ELEMENTS (KOHA)
Koha item type English Books
Holdings
Withdrawn status Lost status Damaged status Not for loan Home library Current library Shelving location Date acquired Full call number Accession Number Price effective from Koha item type
        Anna Centenary Library Anna Centenary Library 5TH FLOOR, B WING 05.11.2025 613.69 JOH 472270 05.11.2025 English Books

Find us on the map